00216nam a22000857a 4500020001500000100001900015245005300034260003200087300001100119 a0590461230 aDavid A. Adler aCam Jansen and the Mystery of the Dinosaur Bones aNew York bScholasticc1981 a56 pgs